000 00461nam a2200169Ia 4500
003 IN-BaIIA
008 211028s9999 xx 000 0 eng d
040 _cIIA Library
080 _a083.8:524
_bFLA-3
100 _aFlameteed, John
_91170
245 0 _aHistoria coelestis britannica
_bvol. 3
_cJohn Flameteed
260 _aLondon
_bGreenwich Observatory
_c1725
300 _a164p.
500 _aJournal accn no; 3817
650 _aStar Catalogue
_9545
942 _cBK
999 _c579
_d579